00647 2200205 4500001002100000005001500021035002000036007000300056008004100059082001100100084001700111100001700128245016600145250001000311260004400321300002600365650001900391700001900410700001200429INLIS00000000000902220210615032616 a0010-0621000090ta210615 g 0 ind  a1554.4 a1554.4 HUG i0 aHUGE, Mathew1 aIndependence Child, 28 Tips Cerdik Mendidik dan Membiasakan Anak Agar Mandiri Serta Bertanggung Jawab /cMathew Huge; penerjemah, Khotibul Umam; editor, Sunarni acet.1 aJakarta :bAnak Prestasi Pustaka,c2007 aiv, 172 hal. ;c21 cm 4aPSIKOLOGI ANAK0 aKHOTIBUL, Umam0 aSUNARNI